| Tag |
First Indicator |
Second Indicator |
Subfields |
| LEADER |
00000uam a2200000 a 4500 |
| 001 |
in00004100217 |
| 005 |
20260129162401.9 |
| 006 |
m o d |
| 007 |
cr cn |
| 008 |
100513s2010 xx o eng |
| 020 |
|
|
|z 9780735656741
|
| 020 |
|
|
|z 9780735649767
|
| 020 |
|
|
|z 0735649766
|
| 020 |
|
|
|z 0735656746
|
| 035 |
|
|
|a (CaSebORM)9780735656741
|
| 040 |
|
|
|d UtOrBLW
|
| 041 |
0 |
|
|a eng
|
| 100 |
1 |
|
|a Shinder, Yuri,
|e author.
|
| 245 |
1 |
0 |
|a Deploying Microsoft® Forefront® Threat Management Gateway 2010 /
|c Shinder, Yuri.
|
| 250 |
|
|
|a 1st edition.
|
| 264 |
|
1 |
|b Microsoft Press,
|c 2010.
|
| 300 |
|
|
|a 1 online resource (88 pages)
|
| 336 |
|
|
|a text
|b txt
|2 rdacontent
|
| 337 |
|
|
|a computer
|b c
|2 rdamedia
|
| 338 |
|
|
|a online resource
|b cr
|2 rdacarrier
|
| 347 |
|
|
|a text file
|
| 520 |
|
|
|a Get the focused, scenario-based guidance you need to plan and deploy Forefront Threat Management Gateway (TMG) as your network perimeter firewall. The evolution of Microsoft ISA Server, Forefront TMG provides multiple layers of continuously updated protections against the latest Web-based threats, including URL filtering, antimalware inspection, and intrusion prevention. Led by two members of the Microsoft Forefront team, you'll get pragmatic, inside insights into system components and capabilities; identify software, hardware, and business requirements; and step through essential planning and design considerations, including network topology, remote access, publishing rules, performance, administration, and more.
|
| 533 |
|
|
|a Electronic reproduction.
|b Boston, MA :
|c Safari,
|n Available via World Wide Web.
|d 2011.
|
| 538 |
|
|
|a Mode of access: World Wide Web.
|
| 542 |
|
|
|f Copyright © 2010 Yuri Diogenes and Dr. Thomas W. Shinder
|g 2011
|
| 588 |
|
|
|a Online resource; Title from title page (viewed November 18, 2010)
|
| 500 |
|
|
|a Electronic resource.
|
| 655 |
|
7 |
|a Electronic books.
|2 local
|
| 710 |
2 |
|
|a Safari, an O'Reilly Media Company.
|
| 856 |
4 |
0 |
|u https://proxy.library.tamu.edu/login?url=https://go.oreilly.com/TAMU/library/view/-/9780735656741/?ar
|z Connect to this electronic resource
|t 0
|
| 999 |
f |
f |
|s c8679d2d-41fd-3685-9923-0f19dd76a5d3
|i ec5a92b8-9627-396c-984d-2161cb7874f2
|t 0
|
| 952 |
f |
f |
|a Texas A&M University
|b College Station
|c Electronic Resources
|s www_evans
|d Available Online
|t 0
|h No information provided
|
| 998 |
f |
f |
|t 0
|l Available Online
|